Stabilization and transition in Czechoslovakia

Saved in:
Bibliographic Details
Main Author: Dyba, Karel
Other Authors: Svejnar, Jan
Format: Book
Language:English
Published: Praha CERGE 1992
Series:Working paper series Working paper no. 7
Subjects:
Tags: Add Tag
No Tags, Be the first to tag this record!

MARC

LEADER 00000nam a2200000 4500
001 c101168
005 20221123102402.3
041 0 |a eng 
044 |a CZ 
245 1 0 |a Stabilization and transition in Czechoslovakia  |c Karel Dyba, Jan Svejnar 
264 1 |a Praha  |b CERGE  |c 1992 
300 |a 29 s. 
490 1 |a Working paper series  |v Working paper no. 7 
830 0 |a Working paper series  |v Working paper no. 7 
610 2 0 |a obdobie prechodné 
610 2 0 |a transformácia 
610 2 0 |a reformy hospodárske 
610 2 0 |a politika hospodárska 
610 2 0 |a stabilizácia hospodárstva 
610 2 0 |a Československo 
100 1 |a Dyba, Karel 
700 1 |a Svejnar, Jan